Double The Number - Statistics

General Stats
  • This quiz has been taken 75 times
  • The average score is 15 of 15
Answer Stats
Hint Answer % Correct
1 2
100%
15 30
100%
50 100
98%
596 1192
98%
75 150
98%
1035 2070
98%
110 220
98%
140 280
98%
170 340
98%
200 400
98%
201 402
98%
243 486
98%
284 568
98%
35 70
98%
717 1434
96%
No matching quizzes found
Score Distribution
Percent of People with Each Score
Percentile by Number Answered
Your Score History
You have not taken this quiz